Census Metropolitan Areas and Agglomerations in Canada - Statistics

General Stats
  • This quiz has been taken 436 times
  • The average score is 38 of 151
Answer Stats
CMA/CA Province/
Territory
Type Population % Correct
Vancouver BC CMA 2,642,825
100%
Toronto ON CMA 6,202,225
99%
Montreal QC CMA 4,291,732
98%
Calgary AB CMA 1,481,806
97%
Edmonton AB CMA 1,418,118
97%
Ottawa–Gatineau ON/QC CMA 1,488,307
97%
Quebec City QC CMA 839,311
97%
Winnipeg MB CMA 834,678
93%
Halifax NS CMA 465,703
88%
Saskatoon SK CMA 317,480
85%
Regina SK CMA 249,217
81%
Victoria BC CMA 397,237
81%
London ON CMA 543,551
79%
Saint John NB CMA 130,613
79%
St. John's NL CMA 212,579
79%
Hamilton ON CMA 785,184
76%
Grand Falls-Windsor NL CA 13,853
70%
Windsor ON CMA 422,630
69%
St. Catharines–Niagara ON CMA 433,604
65%
Yellowknife NWT CA 20,340
65%
Thunder Bay ON CMA 123,258
63%
Whitehorse YK CA 31,913
59%
Kitchener–Cambridge–Waterloo ON CMA 575,847
56%
Charlottetown PEI CA 78,858
50%
Fredericton NB CMA 108,610
49%
Trois-Rivières QC CMA 161,489
48%
Greater Sudbury ON CMA 170,605
47%
Sault Ste. Marie ON CA 76,731
47%
Kamloops BC CMA 114,142
46%
Moncton NB CMA 157,717
46%
Kelowna BC CMA 222,162
45%
Kingston ON CMA 172,546
45%
Sherbrooke QC CMA 227,398
44%
Red Deer AB CMA 100,844
40%
Medicine Hat AB CA 76,376
37%
Oshawa ON CMA 415,311
36%
Barrie ON CMA 212,856
35%
Guelph ON CMA 165,588
35%
Abbotsford–Mission BC CMA 195,726
34%
Nanaimo BC CMA 115,459
33%
Prince George BC CA 89,490
33%
Sarnia ON CA 97,592
32%
Saguenay QC CMA 161,567
31%
Peterborough ON CMA 128,624
30%
Brandon MB CA 54,268
29%
Lethbridge AB CMA 123,847
29%
Moose Jaw SK CA 34,872
27%
Prince Rupert BC CA 13,442
27%
Wood Buffalo AB CA 73,837
26%
North Bay ON CA 71,736
24%
Cornwall ON CA 61,415
23%
Brantford ON CMA 144,162
22%
Chatham-Kent ON CA 104,316
22%
Belleville–Quinte West ON CMA 111,184
21%
Chilliwack BC CMA 113,767
21%
Timmins ON CA 41,145
21%
Lloydminster AB/SK CA 36,508
20%
Prince Albert SK CA 45,718
19%
Cape Breton NS CA 98,318
17%
Grande Prairie AB CA 64,141
17%
Orillia ON CA 33,411
17%
Vernon BC CA 67,086
17%
Drummondville QC CMA 101,610
16%
Truro NS CA 46,157
16%
Val-d'Or QC CA 34,037
16%
Kenora ON CA 14,967
15%
Penticton BC CA 47,380
15%
Shawinigan QC CA 49,620
15%
Rimouski QC CA 53,944
14%
Swift Current SK CA 18,745
14%
Kawartha Lakes ON CA 79,247
13%
Owen Sound ON CA 32,712
13%
Stratford ON CA 33,232
13%
Corner Brook NL CA 29,762
12%
Gander NL CA 13,414
12%
Saint-Georges QC CA 34,833
12%
Sept-Îles QC CA 27,729
12%
Thompson MB CA 13,035
12%
Yorkton SK CA 19,859
12%
Campbell River BC CA 40,704
11%
Cranbrook BC CA 27,040
11%
Dawson Creek BC CA 17,878
11%
Duncan BC CA 47,582
11%
Fort St. John BC CA 28,729
11%
Port Alberni BC CA 25,786
11%
Victoriaville QC CA 52,936
11%
Woodstock ON CA 46,705
11%
Brockville ON CA 31,661
10%
Courtenay BC CA 63,282
10%
Granby QC CA 90,833
10%
Portage la Prairie MB CA 13,270
10%
Rouyn-Noranda QC CA 42,313
10%
Summerside PEI CA 18,157
10%
Bathurst NB CA 31,387
9%
Nelson BC CA 19,119
9%
New Glasgow NS CA 34,397
9%
Pembroke ON CA 23,814
9%
Rivière-du-Loup QC CA 30,025
9%
Saint-Hyacinthe QC CA 59,980
9%
Baie-Comeau QC CA 26,643
8%
Canmore AB CA 15,990
8%
Cobourg ON CA 20,519
8%
Norfolk ON CA 67,490
8%
North Battleford SK CA 19,374
8%
Okotoks AB CA 30,405
8%
Squamish BC CA 24,232
8%
Williams Lake BC CA 23,608
8%
Alma QC CA 30,331
7%
Brooks AB CA 14,924
7%
Edmundston NB CA 22,144
7%
Joliette QC CA 52,706
7%
Miramichi NB CA 27,593
7%
Quesnel BC CA 23,113
7%
Sainte-Marie QC CA 13,134
7%
Salaberry-de-Valleyfield QC CA 42,787
7%
Salmon Arm BC CA 19,705
7%
Sorel-Tracy QC CA 41,934
7%
Winkler MB CA 32,655
7%
Camrose AB CA 18,772
6%
Collingwood ON CA 24,811
6%
Estevan SK CA 12,798
6%
Parksville BC CA 31,054
6%
Powell River BC CA 17,825
6%
Terrace BC CA 19,606
6%
Thetford Mines QC CA 28,287
6%
Weyburn SK CA 12,247
6%
Campbellton NB CA 13,330
5%
Hawkesbury ON/QC CA 12,010
5%
Ladysmith BC CA 15,501
5%
Matane QC CA 18,474
5%
Midland ON CA 27,894
5%
Steinbach MB CA 17,806
5%
Centre Wellington ON CA 31,093
4%
Elliot Lake ON CA 11,372
4%
Ingersoll ON CA 13,693
4%
Kentville NS CA 26,929
4%
Lacombe AB CA 13,396
4%
Tillsonburg ON CA 18,615
4%
Trail BC CA 14,268
4%
Cowansville QC CA 15,234
3%
High River AB CA 14,324
3%
Lachute QC CA 14,100
3%
Petawawa ON CA 18,160
3%
Port Hope ON CA 17,294
3%
Strathmore AB CA 14,339
3%
Sylvan Lake AB CA 16,514
3%
Wasaga Beach ON CA 24,862
3%
Wetaskiwin AB CA 12,594
3%
Amos QC CA 18,873
2%
Dolbeau-Mistassini QC CA 15,306
2%
Essa ON CA 22,970
2%
No matching quizzes found
Score Distribution
Percent of People with Each Score
Percentile by Number Answered
Your Score History
You have not taken this quiz